Family Guy Main Characters Quiz Stats

 Plays Quiz not verified by Sporcle

Challenge
Share
Tweet
Embed
Score 0/10 Timer 04:00
0 Plays Today
% Correct
Peter Griffin
100%
Meg Griffin
95.1%
Lois Griffin
94.2%
Stewie Griffin
93.2%
Brian Griffin
89.3%
Chris Griffin
88.3%
Cleveland Brown
82.5%
Joe Swanson
78.6%
Glenn Quagmire
73.8%
Herbert the Pervert
21.4%

You're not logged in!

Compare scores with friends on all Sporcle quizzes.
Join for Free
OR
Log In

You Might Also Like...

Show Comments

Extras

Top Quizzes Today


Score Distribution

Your Account Isn't Verified!

In order to create a playlist on Sporcle, you need to verify the email address you used during registration. Go to your Sporcle Settings to finish the process.

Report this User

Report this user for behavior that violates our Community Guidelines.

Details: